000 00696nam a2200241Ia 4500
003 OSt
005 20221007082443.0
006 a|||||r|||| 00| 0
007 ta
008 221006b |||||||| |||| 00| 0 eng d
024 _a7,458
037 _cReference Collections
040 _aFLL
_cFLL
_beng
041 _2eng
_aeng
082 _aV1N4:3nN45, L8
110 _aDept. of public information (New York U.S.A.)
_9699096
245 0 _aYearbook of the united nations 1978
260 _c1978
300 _axii,1295p
_ccm.
700 _aDept. of public information (New York U.S.A.)
_9699097
942 _hV1N4:3nN45, L8
_cREF
_2CC
999 _c1166481
_d1166481